00385nam a2200157Ia 45000010006000000050017000060080041000230410008000640820017000721000027000892450058001162600009001743000028001836500008002116540008002191827120260306171618.0260306s9999||||xx |||||||||||||| ||und|| aESP a658.402bG91 aGuizar M., RafaeleAUT 0aDesarrollo organizacional:bprincipios y aplicaciones c1998 a285 páginas :c23 cm. aGEN aCAN